Психологічні умови розвитку пізнавальної сфери офіцерів оперативно–розшукових підрозділів Державної прикордонної служби України (Запис № 570787)

МАРК-запис
000 -Лідер
fixed length control field 03434nam a22002417a 4500
003 - Ідентифікатор контрольного номера
control field UA-OsUOA
005 - Дата та час останнього входження (трансакції)
control field 20210614152626.0
008 - Елементи даних фіксованої довжини – загальна інформація
fixed length control field 210614b un ||||| m||| 00| 0 ukr d
040 ## - Джерело каталогізації
Агенція оригінальної каталогізації UA-OsUOA
Мова каталогізації ukr
Агенція, яка здійснювала перезапис UA-OsUOA
Агенція, яка здійснювала модифікацію UA-OsUOA
041 ## - Код мови
Код мови тексту/ звукової доріжки чи окремого заголовка (П) ukr
080 ## - Індекс Універсальної десяткової класифікації
Індекс Універсальної десяткової класифікації (УДК) (НП) 159.922:351.746.1(477)
090 ## - Локальний шифр розміщення
Класифікаційний індекс УДК 159.922:351.746.1(477)
095 ## - Код спеціальності для авторефератів
Код спеціальності 19.00.09
Назва спеціальності психологія діяльності в особливих умовах
100 ## - Основне введення – ім’я особи
Ім’я особи (НП) Махлай О. М.
245 ## - Відомості про назву
Назва (НП) Психологічні умови розвитку пізнавальної сфери офіцерів оперативно–розшукових підрозділів Державної прикордонної служби України
Дані про відповідальність (НП) Махлай Олександр Миколайович ; наук. керівник Чистяков Сергій Аркадійович
260 ## - Публікація, розповсюдження і т.п. (Вихідні дані)
Місце публікації, розповсюдження і т.п. (П) Хмельницький
Дата публікації, розповсюдження і т.п. (П) 2007
300 ## - Фізичний опис
Обсяг 20 с.
502 ## - Примітка про дисертацію
Зв'язок Автореферат дисертації на здобуття наукового ступеня кандидата психологічних наук<br/>
Наймення інституції, що представляється Національна академія Державної прикордонної служби України імені Богдана Хмельницького
520 ## - Резюме і т.п.
Резюме, реферат, анотація, тощо (НП) Дисертацію присвячено уточненню змісту поняття „пізнавальна сфера офіцера оперативно-розшукового підрозділу” та її значення для ефективної професійної діяльності в особливих умовах. Розроблено та науково перевірено структурну модель пізнавальної діяльності офіцерів оперативно-розшукових підрозділів Державної прикордонної служби України. Визначено психологічні умови розвитку пізнавальної сфери офіцерів оперативно-розшукових підрозділів, обґрунтовано критерії оцінки, показники та рівні її розвиненості. Встановлено реальний рівень розвиненості пізнавальної сфери офіцерів оперативно-розшукових підрозділів Державної прикордонної служби України, розроблено практичні рекомендації з її розвитку.<br/>Експериментально підтверджено, що основними психологічними умовами розвитку пізнавальної сфери офіцерів оперативно-розшукових підрозділів є: потреба у проявах багатоконтекстного творчого мислення; здібності до проблематизації; опанування творчими розумовими стратегіями; здатність до самоуправління емоційним станом в процесі творчої діяльності; доцільна творча взаємодія в професійній діяльності та ін.
650 ## - Додаткове предметне введення – тематичний термін
Джерело заголовка чи терміна UDC
Тематичний термін чи географічна назва, як елемент введення (НП) 159.9 Психологія
942 ## - Додаткові елементи входу (Коха)
Source of classification or shelving scheme Universal Decimal Classification
Тип елемента Koha Автореферат
955 ## - Код типу видання за змістом
Код типу видання за змістом (НП) Наукові видання

Немає доступних примірників.